| 000 | 00931cam a22002651 4500 | ||
|---|---|---|---|
| 001 | gs 63000273 | ||
| 003 | DLC | ||
| 005 | 20260227111413.0 | ||
| 008 | 780727s1963 vtuab b 000 0 eng c | ||
| 010 | _ags 63000273 | ||
| 035 | _a(OCoLC)4089527 | ||
| 040 |
_aU.S. Geol. Survey Libr. _cMeLB _dDLC |
||
| 042 | _apremarc | ||
| 043 | _an-us-vt | ||
| 050 | 0 | 0 |
_aQE171 _b.A3 no. 21 |
| 100 | 1 |
_aErn, Ernest H. _q(Ernest Henry) |
|
| 245 | 1 | 0 |
_aBedrock geology of the Randolph quandrangle [sic] Vermont, _cby Ernest Henry Ern, Jr. |
| 260 |
_aMontpelier, _bVermont Development Dept., _c1963. |
||
| 300 |
_a 96 p. _billus., maps (part fold., part col., part in pocket) _c23 cm. |
||
| 490 | 1 |
_aVermont. Geological Survey. Bulletin _vno. 21 |
|
| 504 | _aBibliography: p. 93-96. | ||
| 650 | 0 |
_aGeology _zVermont _zRandolph quadrangle. |
|
| 740 | 0 | _aRandolph quadrangle, Vermont. | |
| 810 | 1 |
_aVermont. _bState Geologist. _vBulletin no. 21. |
|
| 999 |
_c29738 _d29738 |
||